00913nam a2200217 a 450000100100000000500170001000800410002704000250006808200280009311000330012124000260015424500540018026000420023430000200027659000270029665100630032365100560038691000370044295201990047999900170067800004583020201002052452.0100222s1982 dr 000 0 spa d aDO-SdBNPbspacBNPHU a342.729302bR426c, 19822 aRepública Dominicana.944710aConstitución (1966)10aConstitución de la República Dominicana 1966. aSanto Domingo :bAlfa y Omega,c1982. a73 p. ;c17 cm. aInventariado, 2018/ YL 4aRepública DominicanaxConstitución (1966{Rpara}910405 4aRepública DominicanazDerecho Constitucional9449 aValidado. Control de calidad MFF 0010718PDaPDbPDcHDd2015-05-18iLF1l0o342.729302 R426c, 1982p45830-10r2020-06-25w2020-06-25yLFPDzPerteneció a la biblioteca personal de Juan Isidro Jimenes Grullón.ZNo se presta c45319d45319